[Event "TUR-ch Seniors 65"]
[Site "Ankara"]
[Date "2023.05.21"]
[Round "3"]
[White "Cifci, Alaattin"]
[Black "Atakan, Kazim"]
[Result "1-0"]
[WhiteElo "1141"]
[BlackElo "1092"]
[PlyCount "47"]
[EventDate "2023.05.19"]
[EventType "swiss"]
[EventRounds "9"]
[EventCountry "TUR"]
[SourceTitle "CBM 214 Extra"]
[Source "ChessBase"]
[SourceDate "2023.07.31"]
[SourceVersion "1"]
[SourceVersionDate "2023.07.31"]
[SourceQuality "1"]

1. c4 Nf6 2. e3 e5 3. Qc2 c6 4. Nc3 d6 5. b3 Be7 6. Bb2 Bd7 7. a3 a6 8. Nf3 h6 9. Bd3 Qc7 10. h3 Be6 11. g4 d5 12. Na4 Nbd7 13. Be2 e4 14. Nd4 Qd6 15. c5 Nxc5 16. Nxc5 Qxc5 17. Rc1 Qxc2 18. Rxc2 Bd7 19. b4 0-0 20. f4 Nh7 21. Rg1 f5 22. Kd1 Bh4 23. gxf5 Be7 24. Bg4 1-0